| 000 | 01046 a2200253 4500 | ||
|---|---|---|---|
| 999 |
_c8063 _d8063 |
||
| 020 | _a9780807834428 | ||
| 020 | _a9780807871744 (pbk. : v. 23 : alk. paper) | ||
| 050 | 0 | 0 | _aNK 811CRO 2013 |
| 245 | 0 | 0 |
_aFolk art / _cCarol Crown & Cheryl Rivers, volume editors. |
| 264 |
_aChapel Hill : _bUniversity of North Carolina Press, _c2013. |
||
| 300 |
_axx, 480 p. : _bill. (some col.) ; |
||
| 500 | _aIncludes bibliographical references and indexes. | ||
| 500 | _a"Sponsored by the Center for the Study of Southern Culture at the University of Mississippi." | ||
| 504 | _aIncludes bibliographical references and indexes. | ||
| 650 | 0 | _aFolk art | |
| 650 | 0 | _aOutsider art | |
| 650 | 0 | _aArt, American | |
| 650 | 0 | _aArchitecture | |
| 700 | 1 | _aCrown, Carol. | |
| 700 | 1 |
_aRivers, Cheryl, _d1949- |
|
| 710 | 2 | _aUniversity of Mississippi. | |
| 942 |
_2lcc _cBK _h811 _iCRO _kNK |
||